| 000 | 00899cam a2200277 a 4500 | ||
|---|---|---|---|
| 999 |
_c185 _d185 |
||
| 001 | (Sirsi) a735477 | ||
| 003 | OSt | ||
| 005 | 20190731093543.0 | ||
| 008 | 120724s2011 nyua d 000 1 eng d | ||
| 020 | _a9780142417805 (pbk.) : | ||
| 020 | _a0142417807 (pbk.) : | ||
| 040 |
_aCHA _beng _cTAE |
||
| 042 | _anbic | ||
| 082 | 0 | _aFIC NEL | |
| 100 | 1 |
_aNelson, Jandy. _eauthor |
|
| 245 | 1 | 4 |
_aThe sky is everywhere / _cJandy Nelson. |
| 260 |
_aNew York : _bSpeak, _c2011. |
||
| 300 |
_a275 p. : _bill. ; _c21 cm. |
||
| 520 | _aIn the months after her sister dies, seventeen-year-old Lennie falls into a love triangle and discovers the strength to follow her dream of becoming a musician. | ||
| 521 | 1 | _a13-18. | |
| 650 | 0 |
_aGrief _vJuvenile fiction. |
|
| 650 | 0 |
_aDeath _vJuvenile fiction. |
|
| 650 | 0 |
_aSisters _vJuvenile fiction. |
|
| 650 | 0 |
_aMusicians _vJuvenile fiction. |
|
| 942 |
_2ddc _cFIC |
||